000 00348nam a22001217a 4500
999 _c4762
_d4762
008 250320b ||||| |||| 00| 0 eng d
020 _a9781407180830
082 _a823.92 McI
100 _aMcIntyre,Sarah
_eAuthor
245 _aGrumpycorn
260 _aEuston House,24 Eversholt Street London NW1 1DB
_bScholastic Children's Books
_c2019
942 _2ddc